Taylor Swift - Put the Lyric to The Song - Statistics

General Stats
  • This quiz has been taken 78 times
  • The average score is 12 of 20
Answer Stats
Lyric Answer % Correct
If you've got a girlfriend, I'm jealous of her/But if you're singe, that's honestly worse ... Gorgeous
97%
I was riding shotgun with my hair undone... Our Song
82%
Rain came pouring down/ When I was drowning/that's when I could finally breathe... Clean
80%
Because I dropped your hand while dancing/ Left you out there staning/ Crestfallen on the landing... Champagne Problems
76%
No cameras catch my pageant smile/I counted days, I counted miles/to see you there... Miss Americana & The heartbreak prince
73%
Sweat tea in the summer/ Cross your hear won't tell no other/ and though I can't recall your face/ I still got love for you... Seven
68%
Tell your friends you're out for a run/ You'll be flushed when you return... Illicit affairs
67%
I play it cool with the best of them/ I wait patiently, he's gonna notice me/ It's okay, we're the best of friends... You're on your own, Kid
67%
He got that boyish look that I like in a man/ I am an architect, I'm drawing up the plans/ It's like I'm 17, nobody understands... I think he knows
65%
I was a flight risk, with a fear of falling/ wondering whe we bother with love if it never lasts... Mine
64%
And now that I'm grown/ I'm scared of ghosts/ Memories feel like weapons... Would've, could've, should've
64%
And the organ starts to play a song that sounds like a death march... Speak now
62%
I don't like slow notion, double vision in a rose blush/ I don't like that falling feels like flying 'til the bone crush... Gold Rush
59%
We tried to forget it but we just couldn't,/And I bury hatchets but I keep maps of where I put 'em... End Game
58%
It's all in the timing/It's poker/ He can't see it in my face but I'm about to play my ace... New Romantics
58%
The whole place was dressed to the nines, and we were dancing... Starlight
39%
Of all the girls tossing rocks at your window, I'll be the one waiting there even when it's cold... Hey Stephen
38%
And I just wanna show you/ She don't even know you/ She's never gonna love you like I want to... Invisible
38%
Well, my mistake, I didn't know to be in love you had to fight to have the upper hand... White Horse
29%
And you've got your demons, And darling, they all look like me... Sad Beautiful Tragic
24%
No matching quizzes found
Score Distribution
Percent of People with Each Score
Percentile by Number Answered
Your Score History
You have not taken this quiz